[Event "Seefeld op 18th"]
[Site "Seefeld"]
[Date "2007.09.03"]
[Round "3"]
[White "Buchaeckert, Juergen"]
[Black "Walcher, Christian"]
[Result "1/2-1/2"]
[WhiteElo "1964"]
[BlackElo "1776"]
[PlyCount "72"]
[EventDate "2007.09.01"]
[EventType "swiss"]
[EventRounds "9"]
[EventCountry "AUT"]
[SourceTitle "EXT 2009"]
[Source "ChessBase"]
[SourceDate "2008.11.26"]
[SourceVersion "1"]
[SourceVersionDate "2008.11.26"]
[SourceQuality "1"]

1. e4 c5 2. c3 d5 3. exd5 Qxd5 4. d4 e6 5. Nf3 Nf6 6. Be3 Be7 7. dxc5 Qxd1+ 8. Kxd1 Nbd7 9. b4 Nd5 10. Bc4 Nxe3+ 11. fxe3 a5 12. a3 0-0 13. Nbd2 Nf6 14. Ke2 Nd5 15. Bxd5 exd5 16. Nb3 axb4 17. cxb4 Bf6 18. Nbd4 Bg4 19. h3 Bh5 20. g4 Bg6 21. g5 Bxd4 22. Nxd4 Rfe8 23. h4 Bh5+ 24. Kd2 Re4 25. a4 Bg4 26. b5 Kf8 27. Rhf1 Rae8 28. Ra3 Bd7 29. Nf5 Bxf5 30. Rxf5 d4 31. Rf3 Rxh4 32. exd4 Rxd4+ 33. Rfd3 Rc4 34. Rd7 Rg4 35. Rf3 Re7 36. Rd8+ Re8 1/2-1/2

[Event "Seefeld op 14th"]
[Site "Seefeld"]
[Date "2003.09.14"]
[Round "2"]
[White "Ferrari, Josef"]
[Black "Walcher, Christian"]
[Result "1-0"]
[WhiteElo "2232"]
[BlackElo "1724"]
[PlyCount "68"]
[EventDate "2003.09.13"]
[EventType "swiss"]
[EventRounds "9"]
[EventCountry "AUT"]
[SourceTitle "EXT 2015"]
[Source "ChessBase"]
[SourceDate "2014.11.20"]
[SourceVersion "1"]
[SourceVersionDate "2014.11.20"]
[SourceQuality "1"]

1. d4 d5 2. g3 c6 3. Bg2 Nf6 4. Nf3 Bf5 5. 0-0 e6 6. c4 Bd6 7. Nc3 Nbd7 8. Nh4 Bg6 9. Re1 Ne4 10. cxd5 Nxc3 11. bxc3 cxd5 12. Nxg6 hxg6 13. e4 dxe4 14. Bxe4 Qc7 15. Qf3 0-0 16. Bxb7 Rab8 17. Rb1 Qa5 18. Qc6 Nb6 19. a4 Rfd8 20. Rb5 Qxa4 21. Bg5 f6 22. Rxb6 Qxc6 23. Rxc6 Rxb7 24. Rxe6 Bf8 25. Be3 Rb1+ 26. Kg2 a5 27. Ra6 Ra1 28. Ra7 a4 29. c4 a3 30. c5 Rb8 31. Rea6 Rb3 32. h4 Ra2 33. Kf3 Rc3 34. Ke4 Kh7 1-0

[Event "Wattens op 14th"]
[Site "Wattens"]
[Date "1999.??.??"]
[Round "5"]
[White "Gruber, Michael"]
[Black "Walcher, Christian"]
[Result "1/2-1/2"]
[WhiteElo "1915"]
[BlackElo "1615"]
[PlyCount "34"]
[EventDate "1999.??.??"]
[EventType "swiss"]
[EventRounds "9"]
[EventCountry "AUT"]
[SourceTitle "EXT 2001"]
[Source "ChessBase"]
[SourceDate "2000.11.22"]
[SourceVersion "1"]
[SourceVersionDate "2000.11.22"]
[SourceQuality "1"]

1. e4 c5 2. Nf3 d6 3. d4 cxd4 4. Nxd4 Nf6 5. Nc3 e6 6. Be3 Be7 7. Be2 0-0 8. 0-0 Nc6 9. f4 a6 10. Qe1 Qc7 11. Qg3 Rd8 12. Rad1 b5 13. Nxc6 Qxc6 14. e5 Nd5 15. Nxd5 exd5 16. Bd4 dxe5 17. fxe5 Qg6 1/2-1/2